000 00443nam a2200157 a 4500
001 000047378
005 20201002060516.0
008 180510s1973 dr 000 spa d
020 _a9682301408
040 _aDO-SdBNP
_bspa
_cBNPHU
082 _axxx
_bG943
245 0 _aGuía para la presentación de proyectos.
260 _aSanto Domingo :
_bSiglo Veintiuno Editores,
_c1973.
300 _a229 p. ;
_c24 cm.
590 _aInventariado,2018/DG
999 _c46866
_d46866